Quizzes
Events
Quiz Creation
Community
Videos
Private Events
Remove Ads
Sign In
Join for FREE
Feedback
Dark Mode
Quiz Categories
Sports
Geography
Music
Movies
Television
Just For Fun
Miscellaneous
History
Literature
Language
Science
Gaming
Entertainment
Religion
Holiday
For Kids
Quiz Lab
Recent
Popular Today
Quiz Kudos Today
Editor Picks
Curator Picks
Quizzes by...
Day
Popularity
Type
Ratings
Length
Year
Community
Subscriptions
Recent Discussions
Orange Saloon
Badges
Playlists
Quests
Create
Leaderboards
Showdown
Live 5
Trivia Bingo
Activity
Puzzle Library
Sporcle Events
Private Events
Virtual Trivia
Globe League
Become a Host
Pub Owners
SporcleCon
Opinionation
Our Games
Videos
Blog
Mobile Apps
Partnerships
Remove Ads and Go Orange
Feedback
Movies
Disney
Marvel Cinematic Universe
Movie Resume
Movie Titles
Oscar
Actor
Actress
Director
Pixar
Role
Movie Quotes
Movie Characters
Box Office
Nominee
Best Picture
Star Wars
James Bond
Horror Movies
Movies
Disney
Marvel Cinematic Universe
Movie Resume
Movie Titles
Oscar
Actor
Actress
Director
Pixar
Role
Movie Quotes
Movie Characters
Box Office
Nominee
Best Picture
Star Wars
James Bond
Horror Movies
Random Quiz
Search Sporcle
×
Quiz Lab
Quiz Lab
Movies
Quote
Type in answers that appear in a list
Type in answers that appear in a list
Classic
Best Score? Go Orange.
Best Picture '90-09 by Difficult Quote Stats
Can you name the Best Picture '90-09 by Difficult Quote?
By
chrisgaitan
6m
20 Questions
480 Plays
480 Plays
480 Plays
Comments
Comments
Give Quiz Kudos
Give Quiz Kudos
-
- Ratings
hide this ad
Forced Order
Answers have to be entered in order
Answers have to be entered in order
Replay
Link that replays current quiz
Next Quiz
Link to next quiz in quiz playlist
You Got
0%
They Got
Avg Score
41%
Avg Friend Score
Upgrade to see
Score Distribution
Jump to the score distribution portion of the page
Score
0/20
Timer
06:00
0
Plays Today
Difficult Quote
Movie
% Correct
I put the diamond in the coat. I put the coat on her.
Titanic
63.8%
Our target: microprocessors. Yes, those. I don't know what they are, you don't know what they are, who gives a f_
ck?
The Departed
61.7%
I want the locks changed again in the morning.
Crash
55.8%
He covets. That is his nature.
The Silence Of The Lambs
54.4%
The ad said this pool was lagoon-
like. There's nothing lagoon-
like about it.
American Beauty
52.7%
Dunbar, not Dumb Bear.
Dances With Wolves
51.3%
I think I ruined your roommate's bathrobe.
Forrest Gump
41%
Well, you sure killed the hell outta that fella today.
Unforgiven
39.6%
It vexes me. I'm terribly vexed.
Gladiator
37.9%
That's a dead dog.
No Country For Old Men
37.9%
Difficult Quote
Movie
% Correct
Who is this person who speaks to me as though I needed his advice?
Braveheart
37.1%
Well, I'm back.
The Lord Of The Rings: The Return Of The King
36.5%
This dress makes me look like a Woolworths lamp shade. I'm not wearing this dress.
Chicago
35.8%
There was no message! There was no message! THERE WAS NO MESSAGE! I will never forgive you!
Slumdog Millionaire
35.8%
You speak so many bloody languages, and you never want to talk.
The English Patient
35.4%
The older you get, the fewer things you really love. And by the time you get to my age, maybe it's only one or two things. With me, I think it's one.
The Hurt Locker
34.6%
My father was fond of saying you need three things in life -
a good doctor, a forgiving priest, and a clever accountant.
Schindler's List
32.7%
Do you know what happens to a man who doesn't pay his debts? His boots catch fire!
Shakespeare In Love
32.3%
Despite my privileged upbringing, I'm actually quite well-
balanced. I have a chip on both shoulders.
A Beautiful Mind
27.7%
Bleach smells like bleach.
Million Dollar Baby
24.6%
Quiz Playlist
Details
Report
Send in Message
Add To Playlist
Classic:
Type in answers that appear in a list
Forced Order:
Answers have to be entered in order
Last Updated: Feb 16, 2017
Quiz Scoreboard
CHALLENGE
Sign Up to Join the Scoreboard
Show All
Scores
Hide
Comments
May contain spoilers
Recently Published
Movies - When Are They Set?
by FPL_Elf
Movies
5m
Popular People in 1961
by mucciniale
History
6m
1-10 Letter E Words III
by El_Dandy
Language
2m
More to Explore
Quiz From the Vault
Featured Blog Post
Where Did the Easter Bunny Come From?
hide this ad
You Might Also Like...
Tags
Best Picture Quiz
Quote Quiz
1990s
difficult
Image Quiz
Today's Top Quizzes in Movies
Browse Movies
hide this ad
Today's Top Quizzes in Quote
Browse Quote
Top Contributed Quizzes in Movies
1
Pick 5 Posters: Directed by Spielberg
2
Multi-Oscar Nominations, One Movie, One Winner
3
One Thing in Common: Movies
4
12 Movies about Fictional 1960s Events
5
One Thing in Common: Movies II
6
Sunday Crossword: Film Score Composers
7
Three Word 'H' Movies Match Up
8
Three Word 'T' Movies Match Up
9
One Thing in Common: Oscars
10
Three Word 'M' Movies Match Up
Explore More
Trending Topics
Harry Potter
Kpop
Disney
Marvel
NBA
Crossword
Anime
The Office
Country
WWE
Puzzle
Song
Soccer
Pokémon
NFL
hide this ad
More By:
chrisgaitan
Quiz
Plays
Rating
Category
Featured
Created
Coen Brothers Film by Opening Line
24,120
4.49
Movies
Jun 22, 2010
Gay Roles
10,836
4.06
Movies
Oct 21, 2010
Jude Law Movies
10,052
3.73
Movies
Sep 22, 2009
Non-Linear Narrative Movies
2,498
4.00
Movies
Mar 22, 2011
Greatest Actors of the 2000s
1,246
2.42
Movies
Apr 5, 2010
Go to Creator's Profile
Score Distribution
Quiz Creator Spotlight
chrisgaitan
Follow
Send a Message
Quizzes Created
-
Created Quiz Play Count
-
More By This Creator
Popular Quizzes Today
1
Find the Countries of Europe - No Outlines Minefield
2
Find the US States - No Outlines Minefield
3
The Countries of the World
4
Popular People in 1961
5
US States
6
1-10 Letter E Words III
7
Find the US States
8
One Thing in Common: World Cities II
More Movies Quizzes
MCU Villain Crossword
Quiz Lab
Trending Quizzes
Risky Map Clicking: Least Populous States A-Z
1-10 Letter F Words
1-10 Letter G Words
One Thing in Common: United Kingdom
Risky Map Clicking: Next State Alphabetically
Recently Updated
Leaping Animals
pecheneg
Reality TV Shows (A-Z)
bhenderson79
Rickey Henderson's Hall of Fame Teammates
pecheneg
Champions League XIs: Arsenal
pecheneg
Quick Pick: Celebrities in WWE's Hall of Fame
aduchscher
A-Z Keypad Blitz II
pecheneg
Multiple Oscar Actors
pecheneg
Mystery Phrase Blitz: Oscar 'Best Actors'
pecheneg
F. Scott Fitzgerald Novels
LTH
Pick 3 Villains
ddd62291
Trending Topics
NBA
Harry Potter
Kpop
Crossword
Marvel
Disney
Anime
Soccer
Country
Pokémon
WWE
The Office
NFL
Puzzle
Song
Your Account Isn't Verified!
In order to create a playlist on Sporcle, you need to verify the email address you used during registration. Go to your
Sporcle Settings
to finish the process.
Report this User
Report this user for behavior that violates our
Community Guidelines
.
Details:
Send Report
Go to the Sporcle.com Mobile Site →
Comments